Postacie historyczne #3 - Statystyki

Ogólne statystyki
  • Ten quiz został rozwiązany 113 razy
  • Średni wynik to 5 z 20
Statystyki odpowiedzi
Hint Odpowiedź % Poprawnych
Grecki filozof, matematyk kojarzony ze słynnym twierdzeniem matematycznym Pitagoras
83%
Założyciel koreańskiej „dynastii Kimów” Kim Ir Sen
73%
Radziecki minister spraw zagranicznych, podpisał pakt o nieagresji pomiędzy III Rzeszą, a ZSRR Wiaczesław Mołotow
70%
Przywódca nacjonalistów w czasie hiszpańskiej wojny domowej Francisco Franco
60%
Argentyński komunistyczny rewolucjonista, jeden z przywódców rewolucji kubańskiej Che Guevara
50%
Sułtan osmański, zdobywca Węgier i Bagdadu Sulejman Wspaniały
43%
Budowniczy wielkiej świątyni w Jerozolimie Salomon
26%
Brytyjski matematyk, kryptolog, ojciec sztucznej inteligencji i informatyki Alan Turing
14%
Rządził imperium Mali, odbył słynną pielgrzymkę do Mekki Mansa Musa
14%
Odkrywca Przylądka Dobrej Nadziei Bartolomeu Dias
13%
Austriacki minister spraw zagranicznych, reprezentował Austrię na kongresie wiedeńskim Klemens von Metternich
11%
Król Persji, podbił większość Bliskiego Wschodu Cyrus II Wielki
10%
przywódca Federalistów, twórca dolara amerykańskiego, jeden z ojców założycieli Stanów Zjednoczonych Ameryki Alexander Hamilton
9%
Przywódca powstania Galów przeciwko Rzymowi Wercyngetoryks
9%
Twórca "Przysięgi Horacjuszy" czy "Koronacji Napoleona" Jacques-Louis David
6%
Francuski marszałek, potem szwedzki król z nadania Napoleona Bonapartego Jean Baptiste Bernadotte
6%
Cesarz, pomysłodawca rzymskiego Koloseum Wespazjan
5%
Zwany "ostatnim wikingiem", zginął w bitwie pod Stamford Bridge Harald Hardrada
4%
Wynalazca metody prasowej produkcji papieru Cai Lun
0%
Mongolski wódz, zdobywca Azji Środkowej, Iranu, Iraku i Zakaukazia Timur Chromy
0%
Nie znaleziono quizów pasujących do podanych kryteriów
Rozkład punktacji
Procent ludzi z każdym wynikiem
Percentyl według liczby udzielonych odpowiedzi
Twoja historia wyników
Nie rozwiązałeś tego quizu